Normal view
MARC view
- Manfio Sergio
Entry Personal Name
001 - CONTROL NUMBER
- control field: 51432
003 - CONTROL NUMBER IDENTIFIER
- control field: IT-RoPau
005 - DATE AND TIME OF LATEST TRANSACTION
- control field: 20151202171845.0
008 - FIXED-LENGTH DATA ELEMENTS
- fixed length control field: 151202|| aca||aabn | a|a d
040 ## - CATALOGING SOURCE
- Original cataloging agency: IT-RoPau
- Transcribing agency: IT-RoPau
100 ## - HEADING--PERSONAL NAME
- Personal name: Manfio Sergio
- Miscellaneous information: Codice regista SPICS: 55764
670 ## - SOURCE DATA FOUND
- Source citation: Work cat.: (IT-RoPau)107288: Manfio Sergio Codice regista SPICS: 55764, CUCCIOLI (5) CUCCIOLI (5) (Rif. Codice opera principale : H4685)